Library Banner

Cultivating the Ch'I (Record no. 21009)

MARC details
000 -LEADER
fixed length control field 00392nam a2200157Ia 4500
001 - CONTROL NUMBER
control field 20672
008 - FIXED-LENGTH DATA ELEMENTS--GENERAL INFORMATION
fixed length control field 140408s9999 xx 000 0 und d
040 ## - CATALOGING SOURCE
Transcribing agency PK-LaUMT
082 ## - DEWEY DECIMAL CLASSIFICATION NUMBER
Classification number 613.7
Item number CUL-
100 ## - MAIN ENTRY--PERSONAL NAME
Personal name stuart Alve Olson
245 ## - TITLE STATEMENT
Title Cultivating the Ch'I
Statement of responsibility, etc stuart Alve Olson
260 ## - PUBLICATION, DISTRIBUTION, ETC. (IMPRINT)
Place of publication, distribution, etc Minnesotta:
Name of publisher, distributor, etc Dragon Door Publications,
Date of publication, distribution, etc 1992
300 ## - PHYSICAL DESCRIPTION
Extent 160 p.
546 ## - LANGUAGE NOTE
Language note EN
942 ## - ADDED ENTRY ELEMENTS (KOHA)
Koha item type Books
Holdings
Withdrawn status Lost status Damaged status Not for loan Home library Current library Date acquired Total Checkouts Full call number Barcode Date last seen Date checked out Price effective from Koha item type
        UMT Main Campus UMT Main Campus 2014-04-08 1 613.7 CUL- 10383 2022-12-05 2022-12-03 2014-04-23 Books